Is It In EU? Quiz Stats

Quiz Updated Jul 14, 2016

Also try: Is It In Europe?
Challenge
Share
Tweet
Embed
Score 0/28 Timer 05:00
17 Plays Today
% Correct
Germany
95.8%
France
95.1%
Greece
93.9%
Italy
93.2%
Belgium
91.1%
Denmark
90.5%
Ireland
89.1%
Austria
88.4%
Netherlands
88.2%
Portugal
87.9%
Spain
86.7%
Poland
86.3%
Czechia
84.6%
Hungary
83.3%
% Correct
Luxembourg
82.8%
Finland
82.3%
Sweden
78.6%
United Kingdom
78.4%
Lithuania
67.5%
Bulgaria
65.5%
Estonia
65.3%
Latvia
64.9%
Romania
64.4%
Slovakia
63.5%
Cyprus
61%
Slovenia
59.7%
Croatia
58.6%
Malta
54.5%

You're not logged in!

Compare scores with friends on all Sporcle quizzes.
Join for Free
OR
Log In

You Might Also Like...

Show Comments

Extras

Top Quizzes Today


Score Distribution

Your Account Isn't Verified!

In order to create a playlist on Sporcle, you need to verify the email address you used during registration. Go to your Sporcle Settings to finish the process.

Report this User

Report this user for behavior that violates our Community Guidelines.

Details: